Bilecik Bilecik Bilecik Bilecik Bilecik

Zeminlerin geoteknik ve jeofizik analizi : (Record no. 24368)

MARC details
000 -BAŞLIK
Sabit Uzunluktaki Kontrol Alanı 01253nam a22004097a 4500
001 - KONTROL NUMARASI
Control Dosyası 0024416
003 - KONTROL NUMARASI KİMLİĞİ
Kontrol Alanı KOHA_MİRAKIL
005 - EN SON İŞLEM TARİHİ ve ZAMANI
Kontrol Alanı 20260207002439.0
007 - FİZİKSEL TANIM SABİT ALAN - GENEL BİLGİ
Sabit uzunluklu kontrol alanı ta
008 - SABİT UZUNLUKTAKİ VERİ ÖGELERİ - GENEL BİLGİ
Sabit Alan 101112b2009 tu |||gr||||#||||0|tur |
020 ## - ISBN - ULUSLARARASI STANDART KİTAP NUMARASI
Isbn 6053951773
020 ## - ISBN - ULUSLARARASI STANDART KİTAP NUMARASI
Isbn 9786053951773
Kullanılabilirlik koşulları 16,89
040 ## - KATALOGLAMA KAYNAĞI
Özgün Kataloglama Kurumu TR-BiSEU
Kataloglama Dili tur
Çeviri Kurumu TR-BiSEU
Açıklama Kuralları rda
041 0# - DİL KODU
Metin ya da ses kaydının dil kodu tur
044 ## - YAYINLAYAN/ÜRETEN KURULUŞUN ÜLKE KODU
ISO country code tu
050 ## - SINIFLAMA ve YER NUMARASI
Sınıflama Numarası TA710
Yer Numarası .O93 2009
100 1# - KİŞİ ADI
Yazar Adı (Kişi adı) Özçep, Ferhat.
245 1# - ESER ADI BİLDİRİMİ
Başlık Zeminlerin geoteknik ve jeofizik analizi :
Alt Eseradı vb. (inşaatların tasarımı sürecinde)/
Sorumluluk Bildirimi Ferhat Özçep ; Ferhat Özçep.
250 ## - BASIM BİLDİRİMİ
Basım Bildirimi 1.basım
264 #1 - ÜRERİM, YAYIN, DAĞITIM ve TELİF BİLDİRİMİ
Yayın yeri Ankara :
Yayınlayan Nobel Yayın Dağıtım
Yayın tarihi 2009
300 ## - FİZİKSEL TANIMLAMA
Sayfa, Cilt vb. xiv, 609 sayfa: resimli, tablo; 24 cm.
336 ## - İÇERİK TÜRÜ
Content type term metin
Content type code txt
Source rdacontent
337 ## - MEDYA TÜRÜ
Media type term aracısız
Media type code n
Source rdamedia
338 ## - TAŞIYICI TÜRÜ
Carrier type term cilt
Carrier type code nc
Source rdacarrier
490 1# - DİZİ BİLDİRİMİ
Dizi Bildirimi Nobel yayın ;
Cilt Numarası no.
490 1# - DİZİ BİLDİRİMİ
Dizi Bildirimi 1380.
490 1# - DİZİ BİLDİRİMİ
Dizi Bildirimi Teknik Bilimler dizisi ;
Cilt Numarası 103.
490 1# - DİZİ BİLDİRİMİ
Dizi Bildirimi Teknik bilimler ;
Cilt Numarası 103.
500 ## - GENEL NOT
Genel Not Kaynakça var.
650 #0 - KONU BAŞLIĞI EK GİRİŞ - KONU TERİMİ
Konusal terim veya coğrafi ad Zemin mekaniği.
9 (RLIN) 1546
650 #0 - KONU BAŞLIĞI EK GİRİŞ - KONU TERİMİ
Konusal terim veya coğrafi ad Soil mechanics.
9 (RLIN) 4942
830 1# - SERİ EK GİRİŞİ - TEKBİÇİM ESER ADI
Tekbiçim Başlık Nobel yayın ;
Volume number/sequential designation no.
9 (RLIN) 1510
830 1# - SERİ EK GİRİŞİ - TEKBİÇİM ESER ADI
Tekbiçim Başlık 1380.
9 (RLIN) 49868
830 1# - SERİ EK GİRİŞİ - TEKBİÇİM ESER ADI
Tekbiçim Başlık Teknik Bilimler dizisi ;
Volume number/sequential designation 103.
9 (RLIN) 49869
830 1# - SERİ EK GİRİŞİ - TEKBİÇİM ESER ADI
Tekbiçim Başlık Teknik bilimler ;
Volume number/sequential designation 103.
9 (RLIN) 1837
942 ## - EK GİRİŞ ÖGELERİ (KOHA)
Source of classification or shelving scheme Library of Congress Classification
Koha item type Book
Holdings
Materyal Türü Kalıcı Konum Mevcut Konum Raf Yeri Sınıflandırma Kaynağı Edinim Bilgisi Ana Konular Alt Konular Yer Numarası Demirbaş Numarası Fatura Tarihi Maliyet, Alış Fiyatı Maliyet, Yenileme Fiyatı Geri Çekilme Durumu Kayıp Durumu Hasarlı Durumu Kredi için değil Kayıt Tarih Toplam Ödünçverme Son Görülme Tarihi Son Kontrol Tarihi
Book Prof. Dr. Azmi Özcan Kütüphanesi Prof. Dr. Azmi Özcan Kütüphanesi Birûni Salonu Library of Congress Classification Satın TEKNOLOJİ Mühendislik (Genel), İnşaat Mühendisliği (Genel) TA710 .O93 2009 0024416 15/12/2010 18.24 18.24         12/11/2010 6 05/12/2024 05/12/2024